Culture Générale - Série 1771 - Statistiques

Statistiques générales
  • Ce quiz a été pris 169 fois
    146 depuis la dernière actualisation
  • Le résultat moyen est 6 sur 10
Statistiques - réponses
Question Réponse % Correct
Par quelles initiales désigne-t-on l’Allemagne de l’Est jusqu’en 1990 ? RDA
98%
Quelle note de musique est également appelée « ut » ? do
96%
Quel pays le Royaume-Uni a-t-il affronté au cours de la guerre des Malouines en 1982 ? Argentine
82%
Quelle est la capitale des Émirats arabes unis ? Abou Dabi
66%
De quel pays Salazar était-il le dictateur ? Portugal
64%
Quelle célèbre révolutionnaire poignarda Marat dans son bain ? Charlotte Corday
58%
Qui est l’auteur de Moby Dick ? Herman Melville
37%
De quel groupe Jimmy Page était-il le leader ? Led Zeppelin
26%
Après quelle bataille François Ier déclare-t-il : “Tout est perdu, fors l’honneur.” ? Pavie
26%
Quel film de 2005 raconte le destin de Falashas, juifs éthiopiens, après leur émigration en Israël ? Va vis et deviens
13%
Aucun quiz correspondant
Distribution des résultats
% des personnes avec chaque résultat
Percentile par nombre de réponses
Votre historique - résultats
Vous n’avez pas pris ce quiz depuis la dernière actualisation